50 biggest US cities - Whammies - Statistics

General Stats
  • This quiz has been taken 170 times
  • The average score is 37 of 50
Answers on the Map
Answers color-coded by a green-red scale on the quiz's map according to % correct below.
 
Answer Stats
City Population % Correct
Los Angeles 3,898,747
97%
Seattle 737,015
95%
New York City 8,804,190
94%
Houston 2,304,580
92%
Chicago 2,746,388
90%
Dallas 1,304,379
90%
Portland 652,503
90%
San Diego 1,386,932
90%
San Francisco 873,965
90%
Miami 442,241
89%
Austin 961,855
88%
Boston 675,647
88%
Denver 715,522
86%
Phoenix 1,608,139
86%
Atlanta 498,715
83%
Las Vegas 641,903
82%
Oklahoma City 681,054
82%
Detroit 639,111
81%
Washington D.C. 689,545
80%
Minneapolis 429,954
79%
San Antonio 1,434,625
79%
Jacksonville 949,611
78%
Sacramento 524,943
78%
Columbus 905,748
77%
Kansas City 508,090
77%
Nashville 689,447
77%
Philadelphia 1,603,797
77%
Indianapolis 887,642
76%
San Jose 1,013,240
76%
El Paso 678,815
73%
Memphis 633,104
73%
Albuquerque 564,559
70%
Baltimore 585,708
70%
Fort Worth 918,915
70%
Milwaukee 577,222
70%
Charlotte 874,579
68%
Tucson 542,629
64%
Tulsa 413,066
63%
Raleigh 467,665
61%
Omaha 486,051
60%
Colorado Springs 478,961
58%
Louisville 633,045
58%
Oakland 440,646
57%
Virginia Beach 459,470
57%
Fresno 542,107
54%
Wichita 400,991
53%
Bakersfield 403,455
46%
Mesa 504,258
46%
Long Beach 466,742
42%
Arlington 394,266
36%
No matching quizzes found
Score Distribution
Percent of People with Each Score
Percentile by Number Answered
Your Score History
You have not taken this quiz